00429nam a22001337a 4500003000400000082001400004100002500018245012200043260006800165300000900233440002300242546001200265700001800277OSt aIIMI/RR.7 aZwarteveen, Margreet aFree-riders or victims: women's nonparticipation in irrigation management in Nepal's Chhattis Mauja irrigation scheme aColombo:bInternational irrigation management institute,cc1996 a21p. aResearch report: 7 aEnglish aNeupane, Nita